Skielka poézie

Podrobná bibliografia
Hlavný autor: Hajko, Dalimír, 1944- (Autor)
Médium: Článok
Jazyk:slovenčina
Predmet:

MARC

LEADER 00000nab a2200000 a 4500
001 vtls000114579
003 SK-MaSNL
005 20260303220352.0
008 131118c1982 xo 0 slo
015 |a SNBRB19rr/mm-uuuuu 
035 |a CL0124682 
040 |a SNKBUCL  |b slo  |c SNKBUCL  |e AACR2 
041 0 |a slo 
044 |a xo  |c SK 
080 |a 82.09:885.4-1(048)  |2 1981 
080 |a 885.4-1(048)  |2 1981 
100 1 |a Hajko, Dalimír,  |d 1944-  |4 aut  |9 106405 
245 1 0 |a Skielka poézie  |c Dalimír Hajko 
500 |a V rubrike Recenzie 
650 0 7 |a slovenská poézia  |2 snkbucl  |9 215422 
655 7 |a recenzie  |2 snkbucl  |9 21907 
655 7 |a články z odboru literárna veda a krásna literatúra  |2 snkbucl  |9 770045 
655 7 |a články z novín a časopisov  |2 snkbucl  |9 267496 
773 0 |t Romboid  |g Roč. 17, č. 3 (1982), s. 76-77 
787 0 8 |i Rec.:  |a Lenko, Július  |t Čakaj ma pri púpavách  |d Bratislava : Slovenský spisovateľ, 1981 
850 |a Slovenská národná knižnica v Martine  |a MTA001 
852 |a SNK  |b KIS3GCP 
958 |a RK 
958 |a LX 
992 |a RBX 
999 |c 2226835  |d 2228765